000 00307nam a2200097 4500
245 _aSelf concept dimensions and determinaria.
_cby Raj Kumar Saraswat.
100 _aSaraswat, Raj Kumar.
260 _aNew Delhi.
_bCommonwealth Publishers.
_c1989
300 _a[10],104p. : tables. ; 22cm.
082 _a155.23
_b SAR
999 _c63887
_d63887